| 000 | 00410nam a2200169Ia 4500 | ||
|---|---|---|---|
| 008 | 230524s9999 xx 000 0 und d | ||
| 020 | _a9780198069189 | ||
| 082 |
_a624.171 _bTHA |
||
| 100 |
_aT.S.Thandavamoorthy _942628 |
||
| 245 | 0 | _aStructural Analysis | |
| 250 | _a4 | ||
| 260 |
_aNew Delhi _bOxford _c2013 |
||
| 300 | _a"XIX,1329p;" | ||
| 500 | _aQuantity Number: 1 | ||
| 650 | _aCivil | ||
| 942 | _cBK | ||
| 999 |
_c57639 _d57639 |
||